Analecta sacra, sive, Excursus philogici breves super diversis s. scripturæ locis præcipuà : quà, cum moribus, ritibus, institutísve priscorum gentilium conspirant : aut per ea aliquo modo illustrantur /

Bibliographic Details
Main Author: Doughty, John, 1598-1672
Format: Microform Book
Language:Latin
Published: Londini : Typis Guil. Godbid, impensis Ro. Littlebury, 1658.
Series:Early English books, 1641-1700 ; 1382:1.
Subjects:

MARC

Tag First Indicator Second Indicator Subfields
LEADER 00000cam a2200000 a 4500
001 in00000898021
005 20150923161402.0
007 hd afv---baca
007 hz bfv---baaa
008 840404s1658 miu a 00110 lat d
035 |a (OCoLC)10594223 
035 |9 AEM1726AM 
037 |a CL0037000047  |b University Microfilms International 
037 |b University Microfilms International, 300 N. Zeeb Rd., Ann Arbor, MI 48106 
040 |a UMI  |c UMI  |d m/c  |d UtOrBLW 
045 |a u-u- 
049 |a TXAI 
090 |a BS525  |b .D68 
099 |a film   |a  B   |a  3609 
100 1 |a Doughty, John,  |d 1598-1672. 
245 1 0 |a Analecta sacra, sive, Excursus philogici breves super diversis s. scripturæ locis præcipuà :  |b quà, cum moribus, ritibus, institutísve priscorum gentilium conspirant : aut per ea aliquo modo illustrantur /  |c authore Joan. Doughteio. 
264 1 |a Londini :  |b Typis Guil. Godbid, impensis Ro. Littlebury,  |c 1658. 
300 |a 41 unnumbered pages, 502 pages, 9 unnumbered pages 
336 |a text  |b txt  |2 rdacontent 
337 |a microform  |b h  |2 rdamedia 
338 |a microfilm reel  |b hd  |2 rdacarrier 
500 |a Reproduction of original in the Harvard University Library. 
510 4 |a Wing  |c D1959. 
533 |a Microfilm.  |b Ann Arbor, Mich. :  |c University Microfilms International,  |d 1983.  |e 1 microfilm reel ; 35 mm.  |f (Early English books, 1641-1700 ; 1382:1) 
500 |a Microform. 
630 0 0 |a Bible  |x Criticism, interpretation, etc. 
630 0 0 |a Bible  |x Criticism, interpretation, etc.  |y 17th century. 
740 0 |a Analecta sacra. 
740 0 |a Excursus philogiei breves super diversis s. scripturæ locks præcipùa. 
830 0 |a Early English books, 1641-1700 ;  |v 1382:1. 
999 |a MARS 
999 f f |s 1f238f2f-00dc-3a18-abff-1f23175c6894  |i 67476aaf-ca20-3b9c-b8d6-d6831b13bca9  |t 0 
952 f f |p default  |a Texas A&M University  |b College Station  |c Sterling C. Evans Library  |d Evans: Microforms (3rd floor)  |t 0  |e film B 3609 1382:1  |h Other scheme  |i microform -- microfilm reel 
998 f f |a film B 3609 1382:1  |t 0  |l Evans: Microforms (3rd floor)